000
00323nam a22001337a 4500
008
181219b xxu||||| |||| 00| 0 eng d
020
_a
0064300641
041
_a
eng
080
_a
720
100
_a
41
101
_a
ARK
245
_a
Age of the Masters A Personal View of Modern Architecture
_c
Banham,R
942
_2
udc
_c
BK
999
_c
53525
_d
53525